[Event "9th Calgary International"]
[Site "Calgary"]
[Date "2016.07.27"]
[Round "1.2"]
[White "Haessel, Dale"]
[Black "Mikhalevski, Victor"]
[Result "0-1"]
[WhiteElo "2187"]
[BlackElo "2545"]
[PlyCount "40"]
[EventDate "2016.07.27"]
[EventType "swiss"]
[EventRounds "9"]
[EventCountry "CAN"]

1. d4 Nf6 2. c4 e6 3. Nc3 d5 4. cxd5 exd5 5. Bg5 Bb4 6. e3 c6 7. Qc2 h6 8. Bh4
g5 9. Bg3 Ne4 10. Bd3 f5 11. Be5 Rf8 12. f3 Nd7 13. Bg7 Rg8 14. Bxh6 Qf6 15.
fxe4 fxe4 16. Be2 Qxh6 17. Nh3 Nb6 18. Nf2 g4 19. Kd2 Be7 20. Qb3 Qxe3+ 0-1

[Event "9th Calgary International"]
[Site "Calgary"]
[Date "2016.07.27"]
[Round "1.3"]
[White "Troff, Kayden"]
[Black "Sinanan, Joshua"]
[Result "1-0"]
[WhiteElo "2543"]
[BlackElo "2175"]
[PlyCount "79"]
[EventDate "2016.07.27"]
[EventType "swiss"]
[EventRounds "9"]
[EventCountry "CAN"]

1. d4 Nf6 2. c4 e6 3. Nf3 d5 4. Nc3 Bb4 5. Bg5 h6 6. Bxf6 Qxf6 7. e3 O-O 8. Rc1
Rd8 9. a3 Bf8 10. Nb5 a6 11. Nxc7 Ra7 12. cxd5 b5 13. dxe6 fxe6 14. Nxb5 axb5
15. Bxb5 Rb7 16. Qe2 Rxb5 17. Qxb5 Ba6 18. Qb6 Bd6 19. b4 Bd3 20. Rc3 Be4 21.
Nd2 Bxg2 22. Rg1 Bd5 23. e4 Bf4 24. exd5 Bxd2+ 25. Kxd2 Qxf2+ 26. Kd3 Qf3+ 27.
Kc2 Qxd5 28. Kb2 Rf8 29. Rgc1 Nd7 30. Qa7 Kh7 31. Qa6 Rf2+ 32. R1c2 Rf4 33.
Qd3+ Kg8 34. Rc8+ Nf8 35. Qc4 Qf5 36. Qc5 Qf7 37. b5 Qd7 38. b6 Rf5 39. d5 exd5
40. Qb4 1-0

[Event "9th Calgary International"]
[Site "Calgary"]
[Date "2016.07.27"]
[Round "1.4"]
[White "Shi, Diwen"]
[Black "Popilski, Gil"]
[Result "1/2-1/2"]
[WhiteElo "2132"]
[BlackElo "2542"]
[PlyCount "95"]
[EventDate "2016.07.27"]
[EventType "swiss"]
[EventRounds "9"]
[EventCountry "CAN"]

1. e4 d5 2. exd5 Qxd5 3. Nc3 Qd6 4. d4 Nf6 5. Nb5 Qd8 6. c4 c6 7. Nc3 e5 8.
dxe5 Qxd1+ 9. Nxd1 Ne4 10. Bd3 Nc5 11. Bc2 Nba6 12. a3 Be6 13. Ne3 O-O-O 14.
Nf3 Nd3+ 15. Bxd3 Rxd3 16. Ke2 Rd7 17. b4 g6 18. Ng5 Nc7 19. Bb2 Bh6 20. h4
Rhd8 21. Rhd1 Rxd1 22. Rxd1 Rxd1 23. Kxd1 Bxg5 24. hxg5 b5 25. cxb5 cxb5 26. g3
Nd5 27. Ke2 Nxe3 28. Kxe3 Kc7 29. Bd4 a6 30. Bc5 Kc6 31. Kd4 Bg4 32. Be7 Be6
33. Bd8 Kd7 34. Bb6 Kc6 35. Ba5 Bg4 36. e6 Bxe6 37. Ke5 Kd7 38. f4 Bc4 39. Bb6
Bb3 40. Bf2 Bc4 41. Be1 Ke7 42. Bc3 Bb3 43. Bd4 Bc4 44. Bc5+ Kd7 45. Bf8 Bb3
46. Bg7 Bc4 47. Kd4 Bb3 48. Ke5 1/2-1/2

[Event "9th Calgary International"]
[Site "Calgary"]
[Date "2016.07.27"]
[Round "1.7"]
[White "Ebrahim-Shirazi, Behrooz"]
[Black "Brown, Michael W"]
[Result "0-1"]
[WhiteElo "2050"]
[BlackElo "2425"]
[PlyCount "50"]
[EventDate "2016.07.27"]
[EventType "swiss"]
[EventRounds "9"]
[EventCountry "CAN"]

1. d4 d5 2. c4 dxc4 3. Nf3 Nf6 4. e3 b5 5. b3 cxb3 6. Bxb5+ c6 7. Bc4 bxa2 8.
Rxa2 e6 9. O-O Be7 10. Qe2 O-O 11. Nc3 Nbd7 12. e4 Qc7 13. Bg5 e5 14. Rc1 exd4
15. Nb5 Qb6 16. Nbxd4 c5 17. Nf5 Re8 18. e5 Bf8 19. Ng3 Bb7 20. Bxf6 gxf6 21.
Qd3 Nxe5 22. Nxe5 fxe5 23. Rb2 Qxb2 24. Bxf7+ Kh8 25. Rb1 Qd4 0-1

[Event "9th Calgary International"]
[Site "Calgary"]
[Date "2016.07.27"]
[Round "1.8"]
[White "Bodek, Michael"]
[Black "Kostadinov, Georgi"]
[Result "1-0"]
[WhiteElo "2408"]
[BlackElo "2018"]
[PlyCount "99"]
[EventDate "2016.07.27"]
[EventType "swiss"]
[EventRounds "9"]
[EventCountry "CAN"]

1. e4 c5 2. Nf3 d6 3. d4 cxd4 4. Qxd4 Nc6 5. Bb5 Bd7 6. Bxc6 Bxc6 7. Nc3 h6 8.
O-O e5 9. Qd3 Nf6 10. Nd2 a6 11. a4 Be7 12. Nc4 Nxe4 13. Nxe4 d5 14. Nxe5 dxe4
15. Qg3 O-O 16. Bxh6 Bf6 17. Rad1 Qe7 18. Nxc6 bxc6 19. Bf4 Rfe8 20. b3 Rad8
21. Qg4 Bd4 22. Qe2 Qc5 23. Be3 Bxe3 24. fxe3 g6 25. Qf2 Qa7 26. h3 Rd7 27. Qf4
Re6 28. Kh2 Kg7 29. Rxd7 Qxd7 30. Rf2 f6 31. h4 a5 32. g4 c5 33. h5 gxh5 34.
gxh5 Qd6 35. Qxd6 Rxd6 36. Kg3 c4 37. Rf5 cxb3 38. cxb3 Rd3 39. Kf4 Rxb3 40.
Rxa5 Rb4 41. Ra8 Kh6 42. a5 Ra4 43. a6 Kh7 44. a7 Kg7 45. h6+ Kh7 46. Kf5 Ra6
47. Kxe4 Re6+ 48. Kf5 Re7 49. Kxf6 Rb7 50. Rh8+ 1-0

[Event "9th Calgary International"]
[Site "Calgary"]
[Date "2016.07.27"]
[Round "1.10"]
[White "Sasata, Alexander"]
[Black "Kavutskiy, Konstantin"]
[Result "0-1"]
[WhiteElo "1829"]
[BlackElo "2327"]
[PlyCount "80"]
[EventDate "2016.07.27"]
[EventType "swiss"]
[EventRounds "9"]
[EventCountry "CAN"]

1. e4 c5 2. Nc3 Nc6 3. f4 e6 4. Nf3 a6 5. d4 cxd4 6. Nxd4 Qc7 7. Nxc6 bxc6 8.
Be3 d5 9. exd5 exd5 10. Be2 Bd6 11. O-O Ne7 12. Bg4 O-O 13. Bxc8 Raxc8 14. Qd3
Qb7 15. Ne4 dxe4 16. Qxd6 Nf5 17. Qc5 Qb5 18. g4 Nh4 19. Qxb5 cxb5 20. c3 f5
21. h3 Rc6 22. Kh2 Rd8 23. Kg3 Rd3 24. Kxh4 Rxe3 25. Rae1 Rd3 26. Rd1 Rcd6 27.
Rxd3 exd3 28. Rd1 d2 29. Kg5 Rd5 30. b3 Kf7 31. c4 h6+ 32. Kh5 Rd3 33. gxf5
bxc4 34. bxc4 Kf6 35. Kg4 h5+ 36. Kh4 Kxf5 37. c5 Kxf4 38. c6 Ke3 39. c7 Rc3
40. Rg1 Rxc7 0-1

[Event "9th Calgary International"]
[Site "Calgary"]
[Date "2016.07.27"]
[Round "1.11"]
[White "Sasata, Robert"]
[Black "Wu, Chenxi"]
[Result "1-0"]
[WhiteElo "2286"]
[BlackElo "1757"]
[PlyCount "41"]
[EventDate "2016.07.27"]
[EventType "swiss"]
[EventRounds "9"]
[EventCountry "CAN"]

1. d4 Nf6 2. c4 e6 3. Nc3 Bb4 4. Qc2 b6 5. e4 d5 6. Qa4+ Bd7 7. Qxb4 Nc6 8. Qb3
Nxd4 9. Qd1 c5 10. Be3 Qe7 11. e5 Ne4 12. Bxd4 cxd4 13. Nxe4 dxe4 14. Qxd4 Rd8
15. Qd6 Qg5 16. Rd1 e3 17. Nf3 Qf4 18. Be2 g5 19. O-O h5 20. Rd4 exf2+ 21. Rxf2
1-0

[Event "9th Calgary International"]
[Site "Calgary"]
[Date "2016.07.27"]
[Round "1.12"]
[White "Dave, Bhavik"]
[Black "Langer, Michael"]
[Result "0-1"]
[WhiteElo "1669"]
[BlackElo "2245"]
[PlyCount "38"]
[EventDate "2016.07.27"]
[EventType "swiss"]
[EventRounds "9"]
[EventCountry "CAN"]

1. d4 Nf6 2. c4 c5 3. d5 b5 4. cxb5 a6 5. b6 e6 6. Nc3 Nxd5 7. Nxd5 exd5 8.
Qxd5 Nc6 9. Nf3 Rb8 10. Bd2 Be7 11. Bc3 O-O 12. a3 Qxb6 13. e3 Bb7 14. Bd3 g6
15. Bb1 Nd4 16. Qxd7 Nxf3+ 17. gxf3 Bxf3 18. Rg1 Bf6 19. Bxf6 Qxf6 0-1

[Event "9th Calgary International"]
[Site "Calgary"]
[Date "2016.07.27"]
[Round "1.13"]
[White "Findlay, Ian"]
[Black "Timmerman, Brian"]
[Result "1-0"]
[WhiteElo "2245"]
[BlackElo "1524"]
[PlyCount "135"]
[EventDate "2016.07.27"]
[EventType "swiss"]
[EventRounds "9"]
[EventCountry "CAN"]

1. e4 c5 2. Nf3 e6 3. d4 cxd4 4. Nxd4 Nc6 5. Nc3 Qc7 6. Be3 a6 7. Be2 b5 8.
Nxc6 dxc6 9. a4 b4 10. Nb1 Nf6 11. Nd2 Bb7 12. O-O c5 13. Bd3 Rd8 14. Qe2 Be7
15. f3 a5 16. Bb5+ Bc6 17. Bxc6+ Qxc6 18. Qb5 Qxb5 19. axb5 O-O 20. Rxa5 Rb8
21. Nc4 Bd8 22. Ra7 Rxb5 23. Rd1 h6 24. b3 Rb8 25. Bxc5 Re8 26. Ra4 Be7 27.
Bxe7 Rxe7 28. Kf2 Rd7 29. Rxd7 Nxd7 30. Ra7 Nb6 31. Nxb6 Rxb6 32. Rc7 Kf8 33.
Ke3 Rd6 34. Rb7 Rc6 35. Kd2 Rd6+ 36. Ke1 Rd4 37. Rc7 Rd8 38. Rc4 Rb8 39. e5 Ke8
40. Kd2 Ke7 41. Ke3 Kf8 42. h4 Ke8 43. g3 Kf8 44. f4 Ke8 45. Kd4 Rb5 46. Rc5
Rb8 47. Kc4 Kd7 48. Rb5 Rc8+ 49. Kxb4 Rxc2 50. Rc5 Rg2 51. Rc3 Rg1 52. Kb5 Ra1
53. b4 Ra8 54. Kb6 Rb8+ 55. Kc5 Rc8+ 56. Kd4 Rb8 57. Rc4 Rb5 58. Kc3 Rb7 59.
Rc5 Rb6 60. b5 Rb7 61. Kb4 Rb8 62. Rc3 Rb7 63. Ka5 Rb8 64. b6 Ra8+ 65. Kb5 Ra1
66. Rc7+ Ke8 67. b7 Rb1+ 68. Ka4 1-0

[Event "9th Calgary International"]
[Site "Calgary"]
[Date "2016.07.27"]
[Round "1.14"]
[White "Sklenka, Steve"]
[Black "Collyer, Curt"]
[Result "0-1"]
[WhiteElo "1479"]
[BlackElo "2238"]
[PlyCount "36"]
[EventDate "2016.07.27"]
[EventType "swiss"]
[EventRounds "9"]
[EventCountry "CAN"]

1. e4 e6 2. Qe2 Nc6 3. Nf3 e5 4. g3 g6 5. Bg2 Bg7 6. O-O d6 7. d3 Nge7 8. Bg5
h6 9. Be3 f5 10. Nc3 O-O 11. Nh4 f4 12. Bd2 Nd4 13. Qd1 f3 14. Bxf3 Nxf3+ 15.
Nxf3 Bg4 16. Qc1 Bxf3 17. Bxh6 Qd7 18. Nd1 Qh3 0-1

[Event "9th Calgary International"]
[Site "Calgary"]
[Date "2016.07.28"]
[Round "2.5"]
[White "Brown, Michael W"]
[Black "Sasata, Robert"]
[Result "1-0"]
[WhiteElo "2425"]
[BlackElo "2286"]
[PlyCount "59"]
[EventDate "2016.07.27"]
[EventType "swiss"]
[EventRounds "9"]
[EventCountry "CAN"]

1. d4 Nf6 2. c4 e6 3. Nc3 Bb4 4. Qc2 b6 5. Bg5 Bb7 6. e3 h6 7. Bh4 O-O 8. a3
Bxc3+ 9. Qxc3 d6 10. Ne2 Nbd7 11. Qc2 c5 12. Rd1 b5 13. cxb5 Rc8 14. Nc3 cxd4
15. exd4 Qc7 16. Qd2 Nd5 17. Nxd5 Bxd5 18. Bd3 f5 19. f3 Bb3 20. Rb1 Nb6 21.
O-O Nd5 22. Rfe1 Qd7 23. Rbc1 Rb8 24. Rc6 Rb7 25. Rec1 Ba4 26. Qa5 Bb3 27. Bg3
f4 28. Bf2 Rfb8 29. a4 Nb6 30. Qb4 1-0

[Event "9th Calgary International"]
[Site "Calgary"]
[Date "2016.07.28"]
[Round "2.6"]
[White "Collyer, Curt"]
[Black "Bodek, Michael"]
[Result "0-1"]
[WhiteElo "2238"]
[BlackElo "2408"]
[PlyCount "38"]
[EventDate "2016.07.27"]
[EventType "swiss"]
[EventRounds "9"]
[EventCountry "CAN"]

1. d4 Nf6 2. c4 e6 3. Nc3 Bb4 4. f3 d5 5. a3 Bxc3+ 6. bxc3 c5 7. cxd5 exd5 8.
e3 Qc7 9. Ra2 Bf5 10. Ne2 Nc6 11. dxc5 O-O 12. Nd4 Bg6 13. a4 Rfe8 14. Nxc6
bxc6 15. Qd4 Rab8 16. Be2 Rb1 17. O-O Qb8 18. Bd2 Rxf1+ 19. Bxf1 Qb1 0-1

[Event "9th Calgary International"]
[Site "Calgary"]
[Date "2016.07.28"]
[Round "2.7"]
[White "Popilski, Gil"]
[Black "Findlay, Ian"]
[Result "1/2-1/2"]
[WhiteElo "2542"]
[BlackElo "2245"]
[PlyCount "91"]
[EventDate "2016.07.27"]
[EventType "swiss"]
[EventRounds "9"]
[EventCountry "CAN"]

1. Nf3 Nf6 2. c4 e6 3. g3 d5 4. b3 Be7 5. Bg2 O-O 6. O-O c5 7. e3 Nc6 8. Qe2 b6
9. Bb2 Bb7 10. Rd1 Qc7 11. Nc3 dxc4 12. bxc4 Rac8 13. Ne1 Rfd8 14. f4 a6 15. g4
Na5 16. g5 Ne8 17. d3 Bxg2 18. Qxg2 Nd6 19. a4 Rd7 20. Kf2 Rcd8 21. Nf3 Nc6 22.
Ke2 Qb7 23. Rab1 b5 24. axb5 axb5 25. cxb5 Nb4 26. Qh3 Nxb5 27. Ne5 Nxc3+ 28.
Bxc3 Rd5 29. Qg2 Qa6 30. Ra1 Qb5 31. Qe4 Qb7 32. h4 f5 33. gxf6 Bxf6 34. Rd2
Bxe5 35. Bxe5 Qf7 36. Rg1 Qh5+ 37. Kf1 g6 38. Rg5 Qxh4 39. Rxg6+ hxg6 40. Qxg6+
Kf8 41. Rh2 Qxh2 42. Qf6+ Ke8 43. Qxe6+ Kf8 44. Qf6+ Ke8 45. Qe6+ Kf8 46. Qf6+
1/2-1/2

[Event "9th Calgary International"]
[Site "Calgary"]
[Date "2016.07.28"]
[Round "2.8"]
[White "Bruzon, Lazaro"]
[Black "Shi, Diwen"]
[Result "1/2-1/2"]
[WhiteElo "2643"]
[BlackElo "2132"]
[PlyCount "134"]
[EventDate "2016.07.27"]
[EventType "swiss"]
[EventRounds "9"]
[EventCountry "CAN"]

1. e4 c5 2. Nf3 g6 3. d4 cxd4 4. Nxd4 Bg7 5. c4 Nf6 6. Nc3 d6 7. Be2 O-O 8. O-O
Nc6 9. Nc2 Be6 10. Bd2 Rc8 11. Rc1 a6 12. Kh1 Nd7 13. b3 Nc5 14. f3 Ne5 15. Nb4
a5 16. Nbd5 Bxd5 17. exd5 Ncd3 18. Rb1 Qb6 19. Bxd3 Nxd3 20. Qe2 Nb4 21. a3
Bxc3 22. Bxc3 Nxd5 23. Bd2 Nc7 24. Qxe7 Rfe8 25. Qh4 d5 26. Bc3 Ne6 27. Be5 Ng7
28. Bd4 Qd8 29. Qxd8 Rexd8 30. Bb6 Rd6 31. Bxa5 Ra6 32. Bd2 dxc4 33. bxc4 Rxa3
34. Rxb7 Rd3 35. Bg5 Ne6 36. Bf6 Rd6 37. Rfb1 Nd8 38. R7b6 Rxb6 39. Rxb6 Rxc4
40. h4 Rc8 41. g4 Ne6 42. Kh2 h6 43. Kg3 Re8 44. Rb5 Ng7 45. Bb2 Re6 46. Rb8+
Re8 47. Rb7 h5 48. Rb5 hxg4 49. fxg4 Re6 50. Rb8+ Re8 51. Rb7 Re6 52. Kf3 Re1
53. Bd4 Re8 54. Bb2 Re1 55. Rb8+ Re8 56. Rb5 Re1 57. Be5 Kh7 58. Bc3 Rh1 59.
Kg3 Rc1 60. Be5 Re1 61. Kf2 Re4 62. Kf3 Re1 63. Bc3 Rh1 64. Kg3 Rc1 65. Be5 Re1
66. Kf2 Re4 67. Kf3 Re1 1/2-1/2

[Event "9th Calgary International"]
[Site "Calgary"]
[Date "2016.07.28"]
[Round "2.9"]
[White "Kazmaier, Daniel"]
[Black "Tolentino, Patrick"]
[Result "1-0"]
[WhiteElo "2194"]
[BlackElo "1876"]
[PlyCount "35"]
[EventDate "2016.07.27"]
[EventType "swiss"]
[EventRounds "9"]
[EventCountry "CAN"]

1. e4 d6 2. d4 Nf6 3. Nc3 g6 4. f4 Bg7 5. Nf3 O-O 6. Bd3 c5 7. dxc5 dxc5 8. e5
Nd5 9. Nxd5 Qxd5 10. Qe2 Nc6 11. Be4 Qd7 12. Be3 b6 13. h4 h5 14. g4 hxg4 15.
Ng5 f5 16. exf6 exf6 17. Qc4+ Kh8 18. h5 1-0

[Event "9th Calgary International"]
[Site "Calgary"]
[Date "2016.07.28"]
[Round "2.10"]
[White "Wang, Jeff"]
[Black "Haessel, Dale"]
[Result "0-1"]
[WhiteElo "1844"]
[BlackElo "2187"]
[PlyCount "66"]
[EventDate "2016.07.27"]
[EventType "swiss"]
[EventRounds "9"]
[EventCountry "CAN"]

1. e4 e5 2. Nf3 Nc6 3. Bb5 a6 4. Ba4 Nf6 5. d3 d6 6. c3 g6 7. O-O Bg7 8. Re1
O-O 9. Nbd2 b5 10. Bc2 Bb7 11. Nf1 Nb8 12. Ng3 Nbd7 13. a4 c5 14. Bg5 h6 15.
Bd2 d5 16. Qc1 Kh7 17. h4 dxe4 18. dxe4 c4 19. h5 Qc7 20. Nh4 Nc5 21. Re3 Rad8
22. Rf3 Qd7 23. Be3 Nd3 24. Bxd3 cxd3 25. Bb6 Rc8 26. Re3 bxa4 27. c4 Qg4 28.
hxg6+ fxg6 29. Nf3 Nxe4 30. Rxa4 Nxg3 31. fxg3 Qxg3 32. Ne1 Qf2+ 33. Kh2 d2 0-1

[Event "9th Calgary International"]
[Site "Calgary"]
[Date "2016.07.28"]
[Round "2.11"]
[White "Sinanan, Joshua"]
[Black "Sasata, Alexander"]
[Result "1-0"]
[WhiteElo "2175"]
[BlackElo "1829"]
[PlyCount "59"]
[EventDate "2016.07.27"]
[EventType "swiss"]
[EventRounds "9"]
[EventCountry "CAN"]

1. d4 d5 2. c4 c6 3. Nf3 Nf6 4. Nc3 dxc4 5. a4 Bf5 6. Nh4 Bg6 7. Nxg6 hxg6 8.
e3 e6 9. Bxc4 Nbd7 10. h3 Nb6 11. Bb3 Bb4 12. O-O Nfd5 13. Bd2 Nxc3 14. bxc3
Bd6 15. a5 Nd7 16. a6 b6 17. Qf3 Rc8 18. e4 Qf6 19. Qxf6 Nxf6 20. e5 Ne4 21.
Be1 Be7 22. Bc2 Ng5 23. f4 Nh7 24. g4 Nf8 25. Kg2 c5 26. Ba4+ Nd7 27. Rd1 Rb8
28. Bb5 Bh4 29. Bxh4 Rxh4 30. dxc5 1-0

[Event "9th Calgary International"]
[Site "Calgary"]
[Date "2016.07.28"]
[Round "2.12"]
[White "Peter, Steven"]
[Black "Dave, Bhavik"]
[Result "1-0"]
[WhiteElo "2083"]
[BlackElo "1669"]
[PlyCount "51"]
[EventDate "2016.07.27"]
[EventType "swiss"]
[EventRounds "9"]
[EventCountry "CAN"]

1. e4 e5 2. Nf3 Nc6 3. Bc4 Nf6 4. d4 exd4 5. e5 d5 6. Bb5 Nd7 7. Bxc6 bxc6 8.
Qxd4 Bc5 9. Qa4 Bb7 10. Qg4 g6 11. Nc3 Qe7 12. O-O h5 13. Qg3 Qe6 14. Re1 O-O-O
15. Bf4 Be7 16. Nd4 Qg4 17. e6 Nf6 18. exf7 Qxg3 19. hxg3 Bd6 20. Ne6 Rdf8 21.
Bxd6 cxd6 22. Nxf8 Rxf8 23. Re7 Nd7 24. Re8+ Kc7 25. Rxf8 Nxf8 26. Re1 1-0

[Event "9th Calgary International"]
[Site "Calgary"]
[Date "2016.07.28"]
[Round "2.13"]
[White "Wu, Chenxi"]
[Black "Ebrahim-Shirazi, Behrooz"]
[Result "1-0"]
[WhiteElo "1757"]
[BlackElo "2050"]
[PlyCount "43"]
[EventDate "2016.07.27"]
[EventType "swiss"]
[EventRounds "9"]
[EventCountry "CAN"]

1. e4 e6 2. d4 d5 3. e5 c5 4. c3 Nc6 5. Nf3 Bd7 6. Bd3 cxd4 7. cxd4 Qb6 8. O-O
Nxd4 9. Nbd2 Rc8 10. Nxd4 Qxd4 11. Nf3 Qb6 12. Ng5 Bb5 13. Qh5 g6 14. Qf3 Rc7
15. Be3 Qa5 16. Bxb5+ Qxb5 17. Rac1 Qd7 18. Rxc7 Qxc7 19. Rc1 Qe7 20. Qf4 Bh6
21. Qa4+ Kd8 22. Bb6+ 1-0

[Event "9th Calgary International"]
[Site "Calgary"]
[Date "2016.07.28"]
[Round "2.14"]
[White "Kostadinov, Georgi"]
[Black "Sklenka, Steve"]
[Result "0-1"]
[WhiteElo "2018"]
[BlackElo "1479"]
[PlyCount "124"]
[EventDate "2016.07.27"]
[EventType "swiss"]
[EventRounds "9"]
[EventCountry "CAN"]

1. d4 d5 2. c4 c6 3. Nf3 Nf6 4. g3 dxc4 5. a4 Bf5 6. Bg2 e6 7. O-O Be7 8. Na3
O-O 9. Nxc4 Be4 10. Ncd2 Bg6 11. Re1 Ne4 12. Ne5 Nxf2 13. Qb3 Qxd4 14. e3 Qxe5
15. Qxb7 Nd3 16. Nf3 Qa5 17. Bd2 Qb6 18. Qxe7 Nxe1 19. Rxe1 Na6 20. b4 Rfe8 21.
Qh4 Rad8 22. Bf1 Nc7 23. Qc4 Bh5 24. g4 Bg6 25. Kf2 Rd7 26. Bc3 f6 27. Bd4 Qb8
28. Qxc6 Red8 29. b5 Rd6 30. Qc4 Bf7 31. Bc5 e5 32. Qc3 Nd5 33. Qa3 R6d7 34.
Bd3 Bg6 35. Bc4 Kh8 36. Ra1 Be4 37. Rc1 Bxf3 38. Kxf3 e4+ 39. Kg2 Nb6 40. Bd4
Nxc4 41. Rxc4 h6 42. Qc5 Rd6 43. Qxa7 Rxd4 44. Rxd4 Qxa7 45. Rxd8+ Kh7 46. Rd4
Qb7 47. h4 Qc8 48. Kg3 f5 49. Kf4 fxg4 50. Rxe4 h5 51. Re5 Qc7 52. b6 Qb8 53.
Ke4 Qb7+ 54. Kd3 Qd7+ 55. Kc3 Qc6+ 56. Kd3 Qd6+ 57. Ke4 Qb4+ 58. Kd5 Qa5+ 59.
Ke4 Qxa4+ 60. Kd3 Qd7+ 61. Ke4 Qc6+ 62. Kd3 Kh6 0-1

[Event "9th Calgary International"]
[Site "Calgary"]
[Date "2016.07.28"]
[Round "2.15"]
[White "Timmerman, Brian"]
[Black "Nechio, Douglas"]
[Result "1-0"]
[WhiteElo "1524"]
[BlackElo "1906"]
[PlyCount "69"]
[EventDate "2016.07.27"]
[EventType "swiss"]
[EventRounds "9"]
[EventCountry "CAN"]

1. e4 c5 2. Nf3 g6 3. c4 Bg7 4. d4 cxd4 5. Nxd4 Nc6 6. Be3 Nf6 7. Nc3 O-O 8.
Be2 d6 9. O-O a5 10. f3 Bd7 11. b3 Nxd4 12. Bxd4 Bc6 13. Qd2 Nd7 14. Be3 Nc5
15. Rac1 f5 16. exf5 Rxf5 17. Rfd1 b6 18. Bd3 Rf7 19. Bb1 Qc7 20. Nd5 Qb7 21.
Qe2 e6 22. Nc3 d5 23. cxd5 exd5 24. Qf2 Bxc3 25. Rxc3 Ne4 26. Bxe4 dxe4 27. f4
b5 28. Qh4 Raf8 29. Rd8 Rxf4 30. Bxf4 Qb6+ 31. Be3 Qxd8 32. Qxd8 Rxd8 33. Rxc6
Rd1+ 34. Kf2 Ra1 35. Rc2 1-0

[Event "9th Calgary International"]
[Site "Calgary"]
[Date "2016.07.28"]
[Round "3.1"]
[White "Bodek, Michael"]
[Black "Mikhalevski, Victor"]
[Result "1-0"]
[WhiteElo "2408"]
[BlackElo "2545"]
[PlyCount "95"]
[EventDate "2016.07.27"]
[EventType "swiss"]
[EventRounds "9"]
[EventCountry "CAN"]

1. e4 e5 2. Nf3 Nc6 3. Bc4 Bc5 4. c3 Nf6 5. d3 d6 6. O-O Bb6 7. Bb3 Ne7 8. Nbd2
c6 9. Nc4 Bc7 10. Re1 Ng6 11. h3 O-O 12. Qc2 Re8 13. Ne3 d5 14. Nf5 Nf4 15.
Bxf4 exf4 16. N5d4 dxe4 17. Ng5 Rf8 18. dxe4 Be5 19. Rad1 Qe7 20. Ndf3 h6 21.
Nxf7 Rxf7 22. Nxe5 Qxe5 23. Rd8+ Ne8 24. Red1 Rb8 25. Qd2 g5 26. Bxf7+ Kxf7 27.
Rxc8 Rxc8 28. Qd7+ Kg6 29. Qxc8 Nf6 30. Qxb7 Qxe4 31. Qa6 Kh5 32. Qd3 Qe6 33.
b3 Nd5 34. c4 Ne7 35. Qd2 Nf5 36. Re1 Qf6 37. Qe2+ Kg6 38. Qe8+ Kh7 39. Qe6 Kg6
40. Qxf6+ Kxf6 41. Re8 Nd4 42. Ra8 h5 43. Rxa7 g4 44. hxg4 hxg4 45. Rd7 Ne2+
46. Kf1 Nc1 47. Rd2 Ke5 48. f3 1-0

[Event "9th Calgary International"]
[Site "Calgary"]
[Date "2016.07.28"]
[Round "3.5"]
[White "Troff, Kayden"]
[Black "Bruzon, Lazaro"]
[Result "1/2-1/2"]
[WhiteElo "2543"]
[BlackElo "2643"]
[PlyCount "120"]
[EventDate "2016.07.27"]
[EventType "swiss"]
[EventRounds "9"]
[EventCountry "CAN"]

1. d4 Nf6 2. c4 e6 3. Nf3 b6 4. g3 Bb4+ 5. Bd2 Bxd2+ 6. Qxd2 c6 7. Nc3 d5 8.
Ne5 O-O 9. cxd5 cxd5 10. e3 Bb7 11. Be2 Nc6 12. f4 Ne7 13. O-O Ne8 14. Bd3 Nd6
15. Qg2 Rc8 16. Rac1 f6 17. Qh3 Nef5 18. g4 fxe5 19. fxe5 Nc4 20. gxf5 Qg5+ 21.
Kf2 Nxb2 22. Bb1 exf5 23. Rg1 Qg4 24. Qf3 Nc4 25. Nb5 Nd2 26. Qxg4 fxg4+ 27.
Kg3 Ba6 28. Nd6 Rxc1 29. Rxc1 h5 30. Bf5 g5 31. e6 Nc4 32. Rxc4 Bxc4 33. e7 Rb8
34. Bg6 Kg7 35. Bxh5 Kf6 36. e8=Q Rxe8 37. Nxe8+ Ke7 38. a3 a5 39. a4 b5 40.
axb5 Bxb5 41. Nc7 Bc4 42. Be8 Kd8 43. Kxg4 Kxc7 44. Ba4 Kb6 45. Kxg5 Bb5 46.
Bb3 Bc4 47. Bc2 Kb5 48. h4 a4 49. h5 a3 50. Bb1 a2 51. Bxa2 Bxa2 52. e4 dxe4
53. Kf4 Kc6 54. h6 Bg8 55. Kxe4 Kd6 56. Kf5 Bh7+ 57. Kf6 Kd5 58. Kg7 Be4 59. h7
Bxh7 60. Kxh7 Kxd4 1/2-1/2

[Event "9th Calgary International"]
[Site "Calgary"]
[Date "2016.07.28"]
[Round "3.6"]
[White "Haessel, Dale"]
[Black "Popilski, Gil"]
[Result "0-1"]
[WhiteElo "2187"]
[BlackElo "2542"]
[PlyCount "72"]
[EventDate "2016.07.27"]
[EventType "swiss"]
[EventRounds "9"]
[EventCountry "CAN"]

1. d4 d6 2. e4 Nf6 3. Bd3 e5 4. c3 g6 5. Nf3 Nc6 6. O-O Bg7 7. h3 O-O 8. Na3
exd4 9. cxd4 d5 10. e5 Ne4 11. Re1 f5 12. exf6 Qxf6 13. Qb3 Nxf2 14. Qxd5+ Kh8
15. Kxf2 Nxd4 16. Bg5 Qb6 17. Nc4 Nxf3+ 18. Nxb6 Nxe1+ 19. Kxe1 axb6 20. Rc1
Ra5 21. Qc4 Rxg5 22. Qxc7 Be6 23. Rc2 Bxa2 24. Re2 Rc5 25. Qxb7 Rc1+ 26. Kd2
Bh6+ 27. Re3 Rg1 28. Ke2 Bb3 29. Be4 Bd1+ 30. Kd3 Rd8+ 31. Bd5 Bb3 32. Re8+
Rxe8 33. Bxb3 Re3+ 34. Kc4 Rc1+ 35. Kd5 Rc5+ 36. Kd4 Rxb3 0-1

[Event "9th Calgary International"]
[Site "Calgary"]
[Date "2016.07.28"]
[Round "3.8"]
[White "Sasata, Robert"]
[Black "Peter, Steven"]
[Result "0-1"]
[WhiteElo "2286"]
[BlackElo "2083"]
[PlyCount "36"]
[EventDate "2016.07.27"]
[EventType "swiss"]
[EventRounds "9"]
[EventCountry "CAN"]

1. d4 d5 2. c4 dxc4 3. e4 Nc6 4. Nf3 Nf6 5. Nc3 Bg4 6. Be3 e6 7. Bxc4 Bb4 8.
Qd3 O-O 9. O-O-O a6 10. h3 Bh5 11. g4 Bg6 12. Nd2 b5 13. Bb3 e5 14. d5 Qd6 15.
f3 Na5 16. Bc2 c5 17. dxc6 Qxc6 18. g5 Rfd8 0-1

[Event "9th Calgary International"]
[Site "Calgary"]
[Date "2016.07.28"]
[Round "3.9"]
[White "Shi, Diwen"]
[Black "Langer, Michael"]
[Result "1/2-1/2"]
[WhiteElo "2132"]
[BlackElo "2245"]
[PlyCount "53"]
[EventDate "2016.07.27"]
[EventType "swiss"]
[EventRounds "9"]
[EventCountry "CAN"]

1. Nf3 c5 2. b3 d5 3. e4 dxe4 4. Ne5 Nf6 5. Nc3 e6 6. Bb2 Bd6 7. Bb5+ Ke7 8.
Ng4 a6 9. Nxf6 gxf6 10. Nxe4 Be5 11. Bxe5 fxe5 12. Bd3 f5 13. Nxc5 Qd5 14. Na4
Qxg2 15. Rf1 Nd7 16. Qh5 Nf6 17. Qh4 Qg4 18. Qg3 Qxg3 19. hxg3 Bd7 20. Nb6 Rad8
21. Nxd7 Rxd7 22. O-O-O Rc8 23. Kb2 Rcd8 24. Kc1 Rc7 25. Kb2 Rcd7 26. Kc1 Rc7
27. Kb2 1/2-1/2

[Event "9th Calgary International"]
[Site "Calgary"]
[Date "2016.07.28"]
[Round "3.10"]
[White "Collyer, Curt"]
[Black "Wu, Chenxi"]
[Result "0-1"]
[WhiteElo "1757"]
[BlackElo "2238"]
[PlyCount "60"]
[EventDate "2016.07.27"]
[EventType "swiss"]
[EventRounds "9"]
[EventCountry "CAN"]

1. e4 e6 2. d4 d5 3. e5 c5 4. c3 Nc6 5. Nf3 Bd7 6. Bd3 Rc8 7. O-O cxd4 8. cxd4
Nb4 9. Nc3 Nxd3 10. Qxd3 h6 11. Be3 Qb6 12. Rab1 Ne7 13. Nh4 g5 14. Nf3 Nf5 15.
Nd2 Be7 16. Nb3 Qb4 17. f4 g4 18. Bd2 Qc4 19. Qxc4 dxc4 20. Nc1 Bc6 21. b4 b5
22. N1e2 h5 23. Rbd1 h4 24. d5 exd5 25. Bc1 Bxb4 26. Nxd5 Bc5+ 27. Kh1 Ng3+ 28.
Nxg3 hxg3 29. Nf6+ Ke7 30. Nxg4 Rxh2+ 0-1